Statistics for Top 16 Biggest Islands in the World

Click here to take the quiz!

General Stats

  • This quiz has been taken 31 times
  • The average score is 14 of 16

Answer Stats

Answer% Correct
Greenland
100%
Madagascar
100%
Borneo
96%
Great Britain
96%
New Guinea
96%
Sumatra
96%
Baffin
89%
Ellesmere
89%
Honshu
89%
North Island
86%
South Island
86%
Java
82%
Victoria Island
79%
Luzon
75%
Sulawesi
71%
Newfoundland
50%

Score Distribution

Percentile by Number Answered

Percent of People with Each Score

Your Score History

You have not taken this quiz